000 00332nam a2200121Ia 4500
008 230524s9999 xx 000 0 und d
100 _aHan-Way Huang
245 0 _aPIC-R- Microcontroller: An Introduction to Software & Hardware Interfacing
260 _bCengage
500 _aQuantity Number: 5
650 _aComp-Sc
942 _cBK
999 _c50355
_d50355